MARC details
| 000 -LEADER |
| campo de control de longitud fija |
01961nam a2200349 i 4500 |
| 001 - NÚMERO DE CONTROL |
| campo de control |
193514 |
| 003 - IDENTIFICADOR DE NÚMERO DE CONTROL |
| campo de control |
SpMaBN |
| 005 - FECHA Y HORA DE LA ÚLTIMA TRANSACCIÓN |
| campo de control |
20250712063142.0 |
| 007 - CAMPO FIJO DE DESCRIPCIÓN FÍSICA--INFORMACIÓN GENERAL |
| campo de control de longitud fija |
ta |
| 008 - DATOS DE LONGITUD FIJA--INFORMACIÓN GENERAL |
| campo de control de longitud fija |
240103s2022 sp | |||| 000 0 spa |
| 017 ## - NÚMERO DE COPYRIGHT O DE DEPÓSITO LEGAL |
| Número de copyright o de depósito legal |
M 22806-2022 |
| Agencia que asigna |
Oficina Depósito Legal Madrid |
| 035 ## - NÚMERO DE CONTROL DEL SISTEMA |
| Número de control de sistema |
a7178080 |
| 040 ## - FUENTE DE CATALOGACIÓN |
| Centro catalogador/agencia de origen |
SpMaBN |
| Lengua de catalogación |
spa |
| Centro/agencia transcriptor |
SpMaBN |
| Normas de descripción |
rda |
| Centro/agencia modificador |
ES-MaACL |
| 080 ## - NÚMERO DE LA CLASIFICACIÓN DECIMAL UNIVERSAL |
| Número de la Clasificación Decimal Universal |
82(048) |
| 100 ## - ENTRADA PRINCIPAL--NOMBRE DE PERSONA |
| Nombre de persona |
Martínez-Conde, Ricardo, |
| Fechas asociadas al nombre |
1949- |
| 9 (RLIN) |
234824 |
| Término indicativo de función/relación |
Autor |
| 245 10 - MENCIÓN DEL TÍTULO |
| Título |
Al calor de la lectura IX : |
| Resto del título |
reseñas literarias / |
| Mención de responsabilidad, etc. |
Ricardo Martínez. |
| 250 ## - MENCION DE EDICION |
| Mención de edición |
Primera edición, 2022 |
| 264 #1 - PRODUCCIÓN, PUBLICACIÓN, DISTRIBUCIÓN, FABRICACIÓN Y COPYRIGHT |
| Producción, publicación, distribución, fabricación y copyright |
[Madrid] : |
| Nombre del de productor, editor, distribuidor, fabricante |
Editorial Ortigia, |
| Fecha de producción, publicación, distribución, fabricación o copyright |
[2022] |
| 300 ## - DESCRIPCIÓN FÍSICA |
| Extensión |
131 páginas ; |
| Dimensiones |
21 cm |
| 336 ## - TIPO DE CONTENIDO |
| Término de tipo de contenido |
Texto |
| Fuente |
rdacontent |
| 337 ## - TIPO DE MEDIO |
| Nombre/término del tipo de medio |
sin mediación |
| Fuente |
rdamedia |
| 338 ## - TIPO DE SOPORTE |
| Nombre/término del tipo de soporte |
volumen |
| Fuente |
rdacarrier |
| 520 ## - RESUMEN, ETC. |
| Sumario, etc. |
La literatura, al fin, ¿no es acaso eso: transmisión, a través del uso de las palabras, de una situación humana que, por razón de ser el resultado de una invención, de una percepción estética interiorizada, tal vez resulte, en la hondura del lector, más real que la propia realidad?<br/>*<br/>La soledad es la inextinguible donación que el hombre otorga a la literatura para que esta, con sus sobrios y felices e imaginativos recursos la analice, la explique; la ame, en sentido profundo, esto es, nos la ofrende con todo su ser.<br/>*<br/>La palabra bien elegida constituye una de las compañías más discretas, elegantes y felices de cuantas se puedan desear. |
| 650 #4 - PUNTO DE ACCESO ADICIONAL DE MATERIA--TÉRMINO DE MATERIA |
| Término de materia o nombre geográfico como elemento de entrada |
Literatura- |
| Subdivisión de forma |
Reseñas bibliográficas |
| Fuente del encabezamiento o término |
embne |
| 9 (RLIN) |
14494 |
| 655 #0 - TERMINO DE INDIZACIÓN--GENERO/FORMA |
| Datos o término principal de género/forma |
Reseñas bibliográficas |
| Fuente del término |
tgfbne |
| 9 (RLIN) |
234825 |
| 852 ## - LOCALIZACIÓN |
| Ubicación |
ES-MaACL |
| Sublocalización o colección |
R.154866 |
| Ubicación en estantería |
Depósito J |
| Número de control de estantería |
N-9708 |
| itemnumber |
200995 |
| Donativo/Legado |
Donación: editorial |
| Encuadernación |
Encuadernación rústica con solapas |
| 942 ## - ELEMENTOS DE ENTRADA SECUNDARIOS (KOHA) |
| Suprimir en OPAC |
No |
| Tipo de ítem Koha |
Libro impreso |